| 000 | 00393nam a2200157Ia 4500 | ||
|---|---|---|---|
| 008 | 230312s9999||||xx |||||||||||||| ||und|| | ||
| 020 | _a81-7808-735-9 | ||
| 082 |
_a659.1 _bBAT |
||
| 100 | _aBatra, Rajeev | ||
| 245 | 0 | _aAdvertising Management | |
| 260 |
_bPearson education _aNew Dehli _c1996 |
||
| 300 | _a768 | ||
| 546 | _aEng. | ||
| 650 |
_aManagement _vAdvertising Regulations |
||
| 942 | _cBK | ||
| 999 |
_c105 _d105 |
||